Stephen King 10-to-1 Quiz Stats

 Plays Quiz not verified by Sporcle

Score 0/55 Timer 07:00
0 Plays Today
Hint Answer % Correct
7 Books Written in the 1970sThe Shining
95.6%
2 Danny Torrence NovelsThe Shining
95.6%
7 Books Written in the 1970sCarrie
90.5%
5 Oscar Nominated Adaptations Carrie
90.5%
1 Pen NameRichard Bachman
78.5%
8 Dark Tower BooksThe Dark Tower: The Gunslinger
77.2%
8 Dark Tower BooksThe Dark Tower VII: The Dark Tower
72.8%
5 Oscar Nominated Adaptations The Shawshank Redemption
70.3%
3 Towns Created By KingDerry
70.3%
5 Oscar Nominated Adaptations The Green Mile
69%
2 Danny Torrence NovelsDoctor Sleep
67.7%
7 Books Written in the 1970sThe Stand
65.2%
5 Oscar Nominated Adaptations Misery
62.7%
3 Towns Created By KingCastle Rock
62.7%
3 Towns Created By KingJerusalem's Lot
62.7%
4 Family Members (Spouse and Children)Tabitha King
61.4%
9 Novels Written Under Pen Name OR With Peter StraubThe Running Man
58.9%
8 Dark Tower BooksThe Dark Tower II: The Drawing of the Three
58.9%
7 Books Written in the 1970sSalem's Lot
58.9%
9 Novels Written Under Pen Name OR With Peter StraubThe Talisman
57.6%
10 Short Story/ Novella CollectionsDifferent Seasons
57%
8 Dark Tower BooksThe Dark Tower V: Wolves of the Calla
56.3%
9 Novels Written Under Pen Name OR With Peter StraubRage
55.7%
7 Books Written in the 1970sRage
55.7%
9 Novels Written Under Pen Name OR With Peter StraubThe Long Walk
55.1%
9 Novels Written Under Pen Name OR With Peter StraubThinner
55.1%
7 Books Written in the 1970sThe Long Walk
55.1%
4 Family Members (Spouse and Children)Joe Hill
53.8%
Hint Answer % Correct
10 Short Story/ Novella CollectionsSkeleton Crew
53.2%
8 Dark Tower BooksThe Dark Tower III: The Waste Lands
53.2%
8 Dark Tower BooksThe Dark Tower IV: Wizard and Glass
51.9%
8 Dark Tower BooksThe Dark Tower VI: Song of Susannah
51.3%
9 Novels Written Under Pen Name OR With Peter StraubBlack House
50.6%
10 Short Story/ Novella CollectionsNight Shift
49.4%
4 Family Members (Spouse and Children)Owen King
49.4%
10 Short Story/ Novella CollectionsFour Past Midnight
48.7%
7 Books Written in the 1970sThe Dead Zone
47.5%
8 Dark Tower BooksThe Dark Tower: The Wind Through the Keyhole
45.6%
10 Short Story/ Novella CollectionsNightmares and Dreamscapes
40.5%
9 Novels Written Under Pen Name OR With Peter StraubThe Regulators
39.2%
10 Short Story/ Novella CollectionsEverything's Eventual
36.1%
10 Short Story/ Novella CollectionsHearts in Atlantis
35.4%
9 Novels Written Under Pen Name OR With Peter StraubRoadwork
35.4%
9 Novels Written Under Pen Name OR With Peter StraubBlaze
34.2%
5 Oscar Nominated Adaptations Stand By Me
33.5%
10 Short Story/ Novella CollectionsJust After Sunset
31.6%
6 Members of the Boulder Free ZoneStuart Redman
30.4%
10 Short Story/ Novella CollectionsFull Dark, No Stars
28.5%
10 Short Story/ Novella CollectionsThe Bazaar of Bad Dreams
27.2%
4 Family Members (Spouse and Children)Naomi King
22.2%
6 Members of the Boulder Free ZoneNick Andros
20.9%
6 Members of the Boulder Free ZoneLarry Underwood
20.3%
6 Members of the Boulder Free ZoneFrances Goldsmith
17.7%
6 Members of the Boulder Free ZoneMother Abagail Freemantle
8.2%
6 Members of the Boulder Free ZoneSusan Stern
5.7%

You're not logged in!

Compare scores with friends on all Sporcle quizzes.
OR
Log In

Sporcle TV

Today on Sporcle TV


Watch our educational content, quiz creation guides, and fun videos on Sporcle TV.

Show Comments

Extras

Created Sep 13, 2017ReportNominate
Tags:horror, Stephen King

Top Quizzes Today


Score Distribution

Your Account Isn't Verified!

In order to create a playlist on Sporcle, you need to verify the email address you used during registration. Go to your Sporcle Settings to finish the process.

Report this User

Report this user for behavior that violates our Community Guidelines.

Details: